000 00537nam a2200193Ia 4500
005 20250508152144.0
008 008 250505s9999 xx 000 0 eng d
037 _aTextual
040 _aFEDL
_beng
_cFEDL
041 _aeng
_2eng
084 _a301.36054, BOP
_qFEDL
100 _aBopegamage A.
245 0 _aDelhi : A study in Urban sociology
260 _aBombay, India
_bUniversity of Bombay
_c1957
300 _ax,235p.
650 _aSociology
942 _cTEXL
_h301.36054, BOP
999 _c1334626
_d1334626